The Oxford modern English dictionary /

Shranjeno v:
Bibliografske podrobnosti
Drugi avtorji: Swannell, Julia
Format: Sách giấy
Jezik:English
Izdano: Oxford : Oxford University Press , 1994
Oznake: Označite
Brez oznak, prvi označite!
Thư viện lưu trữ: Thư viện Trường Đại học Đà Lạt
LEADER 00586nam a2200253 4500
001 DLU020016650
005 ##12/7/2000
020 # # |a 978- 
041 # # |a eng 
082 # # |a 423  |b Oxf 
245 # # |a The Oxford modern English dictionary /  |c Julia Swannell 
260 # # |a Oxford :  |b Oxford University Press ,  |c 1994 
300 # # |a XX, 1287 tr.;   |c 24 cm. 
700 # # |a Swannell, Julia 
992 # # |a 62000 
994 # # |a DLU 
998 # # |a TK 
900 # # |a False 
911 # # |a Administrator 
925 # # |a G 
926 # # |a A 
927 # # |a SH 
980 # # |a Thư viện Trường Đại học Đà Lạt